00747nam a2200265Ia 4500020002600000020001900026020002600045020002600071020002600097040000800123082002600131245004700157250001700204260003300221300003200254500003000286650002200316650001200338650002500350700002500375700002400400710003300424942000700457999001700464 a0021712700 (7, pt. 2) a0021639809 (P) a002164070X (7, pt. 1) a0021640807 (8, pt. 1) a0021712808 (8, pt. 2) cTXH a428 MAC 1987 A114 Or.00aConnections :bMacmillan reading program / aTeacher's ed0 aNew York :bMacmillan,c1987 a17 v. :bcol. ill. ;c28 cm aReadiness and levels 1-14 0aReaders (Primary) 0aReaders 0aReaders (Elementary)10aArnold, Virginia Ann10aSmith, Carl Bernard20aMacmillan Publishing Company cEK c16742d16742